000 00489nam a2200181 a 4500
001 12371
005 20180713200630.0
008 140415s1971 sp 000 0 spa d
041 _aspa
082 _a711
_bCIE
100 1 _aCAMPOS VENUTI, G.
245 1 3 _aLA ADMINISTRACION DEL URBANISMO
250 _a1a ed.
260 _aESPAÑA :
_bG. GILI,
_c1971
490 _aCIENCIA URBANISTICA
_v5
650 1 4 _aADMINISTRACION
_xURBANISMO
700 1 _aSOLER LlUSA, JAIME
_etr.
999 _c12371
_d12371